00525nmm a2200169Ia 4500008004100000020001800041041000800059100002900067245006900096264003900165300001800204490002600222650003200248856005100280942000700331999001700338251105s9999||||xx |||||||||||||||||und|| a9788446040156 aspa aSartelli, Hector Eduardo 0aLa cajita infeliz : un viaje marxista a través del capitalismo a[Madrid, España] :bAkal, c2014 a864 páginas aPensamiento crítico aPolitical Science (General) uhttps://public.digitaliapublishing.com/a/37672 cCF c82996d82996